Score 0/47 Timer 14:00
0 Plays Today
% Correct
Bang Bang Bang
94%
Dope
91.1%
Monster
89.1%
Cheer Up
89%
BOOMBAYAH
86%
Girls Girls Girls
83.7%
Wolf
81.6%
No More Dream
79.8%
I
77.9%
Heart Attack
76.8%
Catch Me If You Can
73.9%
Hush
73%
Very Nice
69.7%
Mirotic
67.7%
Fire
64.9%
LIE
64%
Sugar Free
61%
Only You
59%
Liar Liar
58.8%
Navillera
58.3%
You Think
56%
RHYTHM TA
54.3%
The 7th Sense
53.3%
You're The Best
51.6%
% Correct
Joker
47.7%
Pepe
47.7%
Fantasy
44.6%
Juliette
43.2%
Good Day
42.8%
Please Don't
41.8%
Ring My Bell
41.7%
Um Oh Ah Yeh
41.2%
Kill Bill
39.7%
Oh!
39.3%
Vibrato
37.7%
Expectation
37.4%
Secret
35.7%
Apple Pie
33.5%
Deja Vu
29.8%
U&I
29.7%
Quit Playing
19.8%
Thriller
19.1%
Whatcha Doin' Today
18.5%
Angel
18.4%
Echo
17.8%
Zombie Party
13.9%
I Am A Woman Too
10.7%
Remove Ads.
Support Sporcle.
Get the best of Sporcle when you Go Orange. This ad-free experience offers more features, more stats, and more fun while also helping to support Sporcle. Thank you for becoming a member.

You're not logged in!

Compare scores with friends on all Sporcle quizzes.
OR
Log In

Show Comments

Extras

Created Aug 19, 2016ReportNominate
Tags:Kpop Quiz, Kpop Quiz

Top Quizzes Today


Score Distribution

Your Account Isn't Verified!

In order to create a playlist on Sporcle, you need to verify the email address you used during registration. Go to your Sporcle Settings to finish the process.

Report this User

Report this user for behavior that violates our Community Guidelines.

Details: